El hombre de papel /

Un vagabundo que es además mudo encuentra en un basurero un billete de diez mil pesos, con lo que se imagina una fortuna y la posibilidad de finalmente ser padre. Sin embargo, todas las personas a su alrededor, movidas por la codicia, tratan de engañarlo para quedarse ellos mismos con el dinero.

Uloženo v:
Podrobná bibliografie
Hlavní autor: Rodríguez, Ismael (realización)
Další autoři: Rodríguez, Ismael (guión) (guión), Figueroa, Gabriel (fotógrafo) (fotógrafo), Bustos, Jorge (montaje) (montaje), Lavista, Raúl (música) (música), López Tarso, Ignacio (actuación) (actuación), Valli, Alida (actuación) (actuación), Cabrera, Susana (actuación) (actuación), Rodríguez, Ismael, hijo (realización) (realización), Cárdenas, Omar (montaje) (montaje), Contreras, Yuriria (conducción) (conducción)
Médium: Video
Jazyk:španělština
Vydáno: México : Rodríguez Hermanos, 1963
Témata:
Tagy: Přidat tag
Žádné tagy, Buďte první, kdo vytvoří štítek k tomuto záznamu!

MARC

LEADER 00000ngm^a2200000^a^4500
001 000450854
005 20250521000000.0
009 20260310123758.796
037 |a Acervo ITESO - Biblioteca 
041 |a ESP 
082 |a 860.  |b ROD 
100 |a Rodríguez, Ismael  |e (realización) 
240 1 4 |a [El hombre de papel] 
245 1 3 |a El hombre de papel /  |c Realización de I. Rodríguez. 
264 1 |a México :  |b Rodríguez Hermanos,  |c 1963 
264 2 |a México :  |b Quality Films [distribución],  |c copyright fecha no identificada 
300 |a 1 DVD regiones 1 y 4 (110, 12 min.) :  |b blanco y negro 
336 |a imagen móvil bidimensional  |b tdi  |2 rdacontenido 
337 |a video  |b v  |2 rdamedio 
338 |a videodisco  |b vd  |2 rdasoporte 
500 |a Basado en: El billete, de Luis Spota 
520 |a Un vagabundo que es además mudo encuentra en un basurero un billete de diez mil pesos, con lo que se imagina una fortuna y la posibilidad de finalmente ser padre. Sin embargo, todas las personas a su alrededor, movidas por la codicia, tratan de engañarlo para quedarse ellos mismos con el dinero. 
546 |a En español, con subtítulos opcionales: español, francés, inglés, portugués 
585 |a Festival Internacional de Cine de Venecia (24º: 1963): Participante mexicana, sección paralela 
649 |a XX 
650 |a Cineastas Mexicanos -  |x Biografías 
650 |a Escritores Mexicanos 
650 |a Mudos en el Cine 
650 |a Marginados Sociales en el Cine 
650 |a Hombres en el Cine 
650 |a Títeres en el Cine 
650 |a Melodramas 
650 |a Dramas Cinematográficos 
650 |a Cine en Blanco y Negro -  |z México 
650 |a Cine Mexicano -  |y 1960-1969 
650 |a Cine Mexicano -  |y Siglo XX 
650 |a Cine Mexicano -  |x Historia y Crítica 
650 |a Cuentos Mexicanos -  |x Adaptaciones para Cine 
650 |a Literatura Mexicana -  |y Siglo XX -  |x Adaptaciones para Cine 
650 |a Literatura y Cine 
650 |a Paternidad 
650 |a Fraude 
650 |a Marginación 
650 |a Avaricia y Ambición 
650 |a Rodríguez, Ismael 
650 |a Spota, Luis 
700 |a Rodríguez, Ismael  |e (guión) 
700 |a Figueroa, Gabriel  |e (fotógrafo) 
700 |a Bustos, Jorge  |e (montaje) 
700 |a Lavista, Raúl  |e (música) 
700 |a López Tarso, Ignacio  |e (actuación) 
700 |a Valli, Alida  |e (actuación) 
700 |a Cabrera, Susana  |e (actuación) 
700 |a Rodríguez, Ismael,  |c hijo  |e (realización) 
700 |a Cárdenas, Omar  |e (montaje) 
700 |a Contreras, Yuriria  |e (conducción) 
740 0 |a Semblanza de Ismael Rodríguez /  |c Realización de I. Rodríguez, hijo. 
910 |a Fondo General 
920 |a Audiovisuales - DVDs 
940 |a Películas 
905 |a 308 
901 |a 0500383430  |b IT2  |c DVR  |i C108427  |u 20250521 
902 |a https://opac.biblio.iteso.mx/vufind/Record/000450854